<?xml version="1.0" encoding="UTF-8"?>
<marc:record xmlns:marc="http://www.loc.gov/MARC21/slim">
   <marc:leader>00000nam a2200000 a 4500</marc:leader>
   <marc:datafield ind1="1" ind2=" " tag="100">
      <marc:subfield code="a">Daynes, Katie</marc:subfield>
      <marc:subfield code="4">aut</marc:subfield>
      <marc:subfield code="e">Verfasser/-in</marc:subfield>
   </marc:datafield>
   <marc:datafield ind1=" " ind2=" " tag="653">
      <marc:subfield code="a">Antolin</marc:subfield>
   </marc:datafield>
   <marc:datafield ind1=" " ind2=" " tag="653">
      <marc:subfield code="a">Klasse-1</marc:subfield>
   </marc:datafield>
   <marc:datafield ind1="0" ind2="0" tag="245">
      <marc:subfield code="a">Erklär mir den Mond</marc:subfield>
   </marc:datafield>
   <marc:datafield ind1="0" ind2="0" tag="245">
      <marc:subfield code="b">mit 30 Klappen</marc:subfield>
   </marc:datafield>
   <marc:datafield ind1=" " ind2="1" tag="264">
      <marc:subfield code="b">Usborne</marc:subfield>
      <marc:subfield code="c">2021</marc:subfield>
   </marc:datafield>
   <marc:datafield ind1="1" ind2=" " tag="520">
      <marc:subfield code="a">Auf fünf Papp-Doppelseiten finden sich einfache Informationen rund um den Mond. Auf den ersten Seiten zeigen Kinder die Formen des Mondes. Unter den einzelnen Klappen sind Begriffe wie z.B. der Sichelmond erklärt. Auf den nächsten Seiten sind Beschaffenheit des Mondes, und warum der Mond zu leuchten scheint, thematisiert. Die restlichen Seiten behandeln das Thema Raumfahrt, hier die Reisen zum Mond. Die Klappen sind zahlreich vorhanden, ohne das Buch instabil zu machen. Sie sind robust und sollten dem Gebrauch von Kinderhänden standhalten. K. Daynes liefert dem Verlag regelmäig kindgerechte Texte, diesmal wieder in Kombination mit den Illustrationen von M. Alvarez Miguens. Für etwas ältere findet sich L. Cowan: "Mein Buch vom Mond", der Mond als Einzelthema behandelt ist sonst in aktuelleren Besprechungen nicht zu finden. Hier passen Umfang, Illustrationen und Einsatz der Klappen. Sehr gerne allen empfohlen. Ab 3</marc:subfield>
   </marc:datafield>
   <marc:datafield ind1=" " ind2=" " tag="020">
      <marc:subfield code="a">9781789414615</marc:subfield>
      <marc:subfield code="9">9781789414615</marc:subfield>
   </marc:datafield>
</marc:record>
